000 00916nac a22002777a 4500
001 BR8704321
003 BR-BrBNA
005 20240105120528.0
008 230509b bl.|||m| |||| 00| 0 por d
040 _aBR-BrBNA
_bpor
_cBiblioteca Nacional de Agricultura
072 _aF50; H20
090 _a0312 BR8704321
100 1 _aCid, L.P.B.
110 1 _aCentro Nacional de Pesquisa da Seringueira e Dende, Manaus, AM (Brasil)
245 1 _aPresenca de microrganismo em calos e explantes de Elaeis guineensis
260 3 _aManaus, AM (Brasil):
_c1986.
300 _a4 p.
490 _aPesquisa em Andamento - Centro Nacional de Pesquisa da Seringueira e Dende (Brazil)
_vno. 43
_xISSN 0101-2118
650 _aDENDE
650 _aCULTURA DE TECIDO
650 _aDOENCA DE PLANTA
650 _aBACTERIA
650 _aPROTOZOARIO
909 _a202312
_bLúcia Elande
_c55
_dLúcia Elande
942 _2AGRIS
_n0
_cMS
999 _c279975
_d279975